Gol bird; Pakistan and its airforce-- observations of a Pilot (Record no. 292508)
[ view plain ]
| 000 -LEADER | |
|---|---|
| fixed length control field | 00329 a2200121 4500 |
| 001 - CONTROL NUMBER | |
| control field | 57435 |
| 082 ## - DEWEY DECIMAL CLASSIFICATION NUMBER | |
| Classification number | 358.0092 MAN |
| 090 ## - LOCALLY ASSIGNED LC-TYPE CALL NUMBER (OCLC); LOCAL CALL NUMBER (RLIN) | |
| -- | 35166 |
| -- | 35166 |
| 100 ## - MAIN ENTRY--PERSONAL NAME | |
| Personal name | Mansoor Shah |
| 245 ## - TITLE STATEMENT | |
| Title | Gol bird; Pakistan and its airforce-- observations of a Pilot |
| 260 ## - PUBLICATION, DISTRIBUTION, ETC. | |
| Place of publication, distribution, etc. | Karachi |
| Name of publisher, distributor, etc. | Oxford University Press |
| Date of publication, distribution, etc. | 2002 |
| 300 ## - PHYSICAL DESCRIPTION | |
| Extent | vii,318p |
| 942 ## - ADDED ENTRY ELEMENTS (KOHA) | |
| Institution code [OBSOLETE] | NUST-CAE |
| Call number prefix | 358.0092 MAN |
| Withdrawn status | Lost status | Damaged status | Not for loan | Collection code | Permanent Location | Current Location | Date acquired | Total Checkouts | Full call number | Barcode | Date last seen | Price effective from | Koha item type |
|---|---|---|---|---|---|---|---|---|---|---|---|---|---|
| College of Aeronautical Engineering (CAE) | College of Aeronautical Engineering (CAE) | 04/03/2017 | 358.0092 MAN | CAE74604b | 04/05/2017 | 04/05/2017 | Book |
